000 00726cam a2200241 a 4500
008
020 _a0714824437 (hbk. )
049 _aMAIN
090 _aNA7125
_bOLI
100 1 _aOliver, Paul.
245 1 0 _aDwellings :
_bthe house across the world /
_cPaul Oliver.
260 _aOxford :
_bPhaidon Press,
_c1987.
300 _a256 p. :
_bill. (some col.) ;
_c25 cm.
504 _aIncludes Bibliographical references ( p. 239-248).
500 _aIncludes index.
650 0 _aArchitecture, Domestic.
650 0 _aVernacular architecture.
907 _a.b10311063
_b14-03-12
_c14-03-12
003
005 20230123125420.0
040 _cNUST
942 _cBOOKS
_kNA7125
_mOLI
999 _c141110
_d141110